| 000 | 02628nam a22003377a 4500 | ||
|---|---|---|---|
| 005 | 20220322104202.0 | ||
| 008 | 201107s1940 enk |||f||||| 001 p mul d | ||
| 020 | _a9780674993792 | ||
| 020 | _a0674993918 | ||
| 020 | _a9780674993938 | ||
| 040 |
_cSandra Yazo _dSandra Yazo |
||
| 041 | 0 |
_aeng _agre |
|
| 082 | 0 | 4 |
_220 _a883 |
| 092 | _aE62N115 | ||
| 100 | 1 |
_aNono de Panópolis _9102047 |
|
| 242 | 0 | 0 |
_aNono de Panápolis. _bDionisíacas. _cTraducción inglesa de W. H. D. Rouse. Introducción mitológica y notas de H. J. Rose. Anotaciones de crítica textual por L. R. Lind _yspa |
| 245 | 1 | 0 |
_aNonnos. _bDionysiaca. _cWith an english translation by W. H. D. Rouse ; Mythological Introduction and notes by H. J. Rose ; Notes on text criticism by L. R. Lind. |
| 260 |
_aLondon [Londres] (Inglaterra) _bHarvard University Press [Imprenta de la Universidad de Harvard] _c1940 |
||
| 300 |
_a3 volúmenes (xxxi, 533 ; xi, 547; x, 517 páginas) _c16 x 11 cm. |
||
| 490 | 0 |
_aLoeb classical Library _v344 ; 354 ; 356 |
|
| 500 | _aDetalles físicos: Encuadernación rígida. Cartón duro forrado en tela. Lomo con adornos en dorado. En la tapa delantera anagrama en dorado. Cubierta de papel verde con solapa, que incluye datos de autor y de la obra. Guardas. Hoja de cortesía. Anteportada. Portada impresa en una sola tinta; información sobre la obra dentro de un recuadro. Pequeño grabado con el emblema de la Colección (Palas Athenea); en el círculo, la inscripción “Loeb Classical Library”. Texto muy bien impreso en una sola columna: el texto griego, con párrafos numerados, ocupa la página derecha; la traducción inglesa correspondiente a la página de la izquierda. Notas de pie de página. Incluye índice. Hojas de cortesía posteriores y guardas | ||
| 505 | 0 | _aV.1: Introducción general ; Introducción mitológica ; Anotaciones de crítica textual de las Dionisíacas ; Bibliografía selecta (1984) ; Sumario de los libros del poema ; Dionisíacas: Libros I al XV ; (Los libros I, II, VI y XII tienen una nota adicional) -- V.2: Sumario de los libros del poema ; Dionisíacas: Libros XVI al XXXV -- V.3: Sumario de los libros del poema ; Dionisíacas: Libros XXXVI al XLVIII ; Índice | |
| 506 | _aConsulta en sala | ||
| 546 | _aTexto en inglés y griego | ||
| 650 | 7 |
_921803 _aPoesía épica griega |
|
| 690 |
_aLiteratura griega _976 |
||
| 700 | 1 | 4 |
_aRose, H.J. _q(Herbert Jennings) _d1883-1961 _etraductor _9102048 |
| 700 | 1 | 4 |
_aRose, H.J. _q(Herbert Jennings) _d1883-1961 _9102048 |
| 700 | 1 | 4 |
_aLind, L. R. _q(Levi Robert) _d1906-2008 _9102049 |
| 942 |
_2LOCAL _cLIBRO _e1 _hE62N115 |
||
| 999 |
_c318441 _d318441 |
||